Normal view
MARC view
Entry Meeting Name
001 - CONTROL NUMBER
- control field: 15504
003 - CONTROL NUMBER IDENTIFIER
- control field: OSt
005 - DATE AND TIME OF LATEST TRANSACTION
- control field: 20211105133930.0
008 - FIXED-LENGTH DATA ELEMENTS
- fixed length control field: 211105|| aca||aabn | a|a d
040 ## - CATALOGING SOURCE
- Original cataloging agency: OSt
- Transcribing agency: OSt
111 ## - HEADING--MEETING NAME
- Meeting name or jurisdiction name as entry element: Academy Workshop on Supernova, their Progenitors and Remnants
- Location of meeting: Raman Research Institute, Bangalore
- Date of meeting or treaty signing: 1984 Oct. 29- Nov. 2
670 ## - SOURCE DATA FOUND
- Source citation: Work cat.: (OSt): Srinivasan, G. 15503, Supernova, their progenitors and remnants, 1985